<?xml version="1.0" encoding="UTF-8"?>
<record
    xmlns:xsi="http://www.w3.org/2001/XMLSchema-instance"
    xsi:schemaLocation="http://www.loc.gov/MARC21/slim http://www.loc.gov/standards/marcxml/schema/MARC21slim.xsd"
    xmlns="http://www.loc.gov/MARC21/slim">

  <leader>01708nam0a2200361   4500</leader>
  <controlfield tag="001">RU\NLR\bibl\550681</controlfield>
  <controlfield tag="005">20260408191539.0</controlfield>
  <datafield tag="021" ind1=" " ind2=" ">
    <subfield code="a">RU</subfield>
    <subfield code="b">2004-43954</subfield>
    <subfield code="9">2181</subfield>
  </datafield>
  <datafield tag="035" ind1=" " ind2=" ">
    <subfield code="a">(NLR Aleph) 000542864</subfield>
  </datafield>
  <datafield tag="090" ind1=" " ind2=" ">
    <subfield code="a">1423956</subfield>
    <subfield code="c">1423956</subfield>
  </datafield>
  <datafield tag="100" ind1=" " ind2=" ">
    <subfield code="a">20040909d2004    u  y0rusy50      ca</subfield>
  </datafield>
  <datafield tag="101" ind1="0" ind2=" ">
    <subfield code="a">rus</subfield>
    <subfield code="d">eng</subfield>
  </datafield>
  <datafield tag="102" ind1=" " ind2=" ">
    <subfield code="a">RU</subfield>
  </datafield>
  <datafield tag="105" ind1=" " ind2=" ">
    <subfield code="a">a   |||||||||</subfield>
  </datafield>
  <datafield tag="200" ind1="1" ind2=" ">
    <subfield code="a">&#x410;&#x43D;&#x430;&#x43B;&#x438;&#x437; &#x434;&#x43E;&#x431;&#x440;&#x43E;&#x442;&#x43D;&#x43E;&#x441;&#x442;&#x438; &#x438;&#x43D;&#x444;&#x43E;&#x440;&#x43C;&#x430;&#x446;&#x438;&#x43E;&#x43D;&#x43D;&#x44B;&#x445; &#x43F;&#x43E;&#x442;&#x43E;&#x43A;&#x43E;&#x432; &#x432; &#x43F;&#x440;&#x43E;&#x433;&#x440;&#x430;&#x43C;&#x43C;&#x430;&#x445; &#x43D;&#x430; &#x44F;&#x437;&#x44B;&#x43A;&#x430;&#x445; &#x43C;&#x43E;&#x434;&#x443;&#x43B;&#x430;-2/&#x43E;&#x431;&#x435;&#x440;&#x43E;&#x43D;-2</subfield>
    <subfield code="d">Analysis of information flow quality in modula-2/oberon-2 programs</subfield>
    <subfield code="f">&#x418;.&#x421;. &#x417;&#x430;&#x43F;&#x440;&#x435;&#x435;&#x432;</subfield>
    <subfield code="z">eng</subfield>
  </datafield>
  <datafield tag="210" ind1=" " ind2=" ">
    <subfield code="a">&#x41D;&#x43E;&#x432;&#x43E;&#x441;&#x438;&#x431;&#x438;&#x440;&#x441;&#x43A;</subfield>
    <subfield code="c">&#x41F;&#x440;&#x430;&#x439;&#x441;-&#x43A;&#x443;&#x440;&#x44C;&#x435;&#x440;</subfield>
    <subfield code="d">2004</subfield>
  </datafield>
  <datafield tag="215" ind1=" " ind2=" ">
    <subfield code="a">47 &#x441;.</subfield>
    <subfield code="c">&#x438;&#x43B;.</subfield>
    <subfield code="d">21</subfield>
  </datafield>
  <datafield tag="225" ind1="1" ind2=" ">
    <subfield code="a">&#x41F;&#x440;&#x435;&#x43F;&#x440;&#x438;&#x43D;&#x442;</subfield>
    <subfield code="d">Preprint</subfield>
    <subfield code="f">&#x420;&#x43E;&#x441;. &#x430;&#x43A;&#x430;&#x434;. &#x43D;&#x430;&#x443;&#x43A;. &#x421;&#x438;&#x431;. &#x43E;&#x442;&#x434;-&#x43D;&#x438;&#x435;, &#x418;&#x43D;-&#x442; &#x441;&#x438;&#x441;&#x442;&#x435;&#x43C; &#x438;&#x43D;&#x444;&#x43E;&#x440;&#x43C;&#x430;&#x442;&#x438;&#x43A;&#x438; &#x438;&#x43C;. &#x410;.&#x41F;. &#x415;&#x440;&#x448;&#x43E;&#x432;&#x430;</subfield>
    <subfield code="v">111</subfield>
    <subfield code="z">eng</subfield>
  </datafield>
  <datafield tag="300" ind1=" " ind2=" ">
    <subfield code="a">&#x410;&#x432;&#x442;. &#x442;&#x430;&#x43A;&#x436;&#x435; &#x43D;&#x430; &#x430;&#x43D;&#x433;&#x43B;. &#x44F;&#x437;.: I.V. Zapreev</subfield>
  </datafield>
  <datafield tag="300" ind1=" " ind2=" ">
    <subfield code="a">&#x420;&#x435;&#x437;. &#x43D;&#x430; &#x430;&#x43D;&#x433;&#x43B;. &#x44F;&#x437;.</subfield>
  </datafield>
  <datafield tag="320" ind1=" " ind2=" ">
    <subfield code="a">&#x411;&#x438;&#x431;&#x43B;&#x438;&#x43E;&#x433;&#x440;.: &#x441;. 33-34 (11 &#x43D;&#x430;&#x437;&#x432;.)</subfield>
  </datafield>
  <datafield tag="510" ind1="0" ind2=" ">
    <subfield code="6">z22790</subfield>
    <subfield code="a">Analysis of information flow quality in modula-2/oberon-2 programs</subfield>
    <subfield code="z">eng</subfield>
  </datafield>
  <datafield tag="606" ind1="0" ind2=" ">
    <subfield code="a">&#x41E;&#x411;&#x415;&#x420;&#x41E;&#x41D;-2, &#x44F;&#x437;&#x44B;&#x43A; &#x43F;&#x440;&#x43E;&#x433;&#x440;&#x430;&#x43C;&#x43C;&#x438;&#x440;&#x43E;&#x432;&#x430;&#x43D;&#x438;&#x44F;</subfield>
    <subfield code="9">1182144</subfield>
    <subfield code="3">RU\NLR\auth\66475856</subfield>
  </datafield>
  <datafield tag="606" ind1="0" ind2=" ">
    <subfield code="a">MODULA-2, &#x44F;&#x437;&#x44B;&#x43A; &#x43F;&#x440;&#x43E;&#x433;&#x440;&#x430;&#x43C;&#x43C;&#x438;&#x440;&#x43E;&#x432;&#x430;&#x43D;&#x438;&#x44F;</subfield>
    <subfield code="9">1686005</subfield>
    <subfield code="3">RU\NLR\auth\66749043</subfield>
  </datafield>
  <datafield tag="606" ind1=" " ind2=" ">
    <subfield code="a">&#x41F;&#x440;&#x43E;&#x433;&#x440;&#x430;&#x43C;&#x43C;&#x44B; (&#x43A;&#x43E;&#x43C;&#x43F;&#x44C;&#x44E;&#x442;.)</subfield>
    <subfield code="x">&#x414;&#x43E;&#x431;&#x440;&#x43E;&#x442;&#x43D;&#x43E;&#x441;&#x442;&#x44C;</subfield>
    <subfield code="3">RU\NLR\auth\661274934</subfield>
    <subfield code="9">2109334</subfield>
  </datafield>
  <datafield tag="686" ind1=" " ind2=" ">
    <subfield code="a">&#x417;973.2-018</subfield>
  </datafield>
  <datafield tag="700" ind1=" " ind2="1">
    <subfield code="a">&#x417;&#x430;&#x43F;&#x440;&#x435;&#x435;&#x432;</subfield>
    <subfield code="b">&#x418;. &#x421;.</subfield>
    <subfield code="4">070</subfield>
  </datafield>
  <datafield tag="790" ind1=" " ind2="1">
    <subfield code="6">z22510</subfield>
    <subfield code="a">Zapreev</subfield>
    <subfield code="b">I. V.</subfield>
    <subfield code="4">070</subfield>
  </datafield>
  <datafield tag="801" ind1=" " ind2="0">
    <subfield code="a">RU</subfield>
    <subfield code="b">NLR</subfield>
    <subfield code="c">20040909</subfield>
    <subfield code="g">PSBO</subfield>
  </datafield>
  <datafield tag="801" ind1=" " ind2="1">
    <subfield code="a">RU</subfield>
    <subfield code="b">NLR</subfield>
    <subfield code="c">20040909</subfield>
  </datafield>
  <datafield tag="942" ind1=" " ind2=" ">
    <subfield code="c">BOOK</subfield>
  </datafield>
  <datafield tag="980" ind1=" " ind2=" ">
    <subfield code="a">NB</subfield>
  </datafield>
  <datafield tag="995" ind1=" " ind2=" ">
    <subfield code="5">2004-09-09</subfield>
    <subfield code="a">ad</subfield>
    <subfield code="b">NLR01</subfield>
    <subfield code="c">NLR01</subfield>
    <subfield code="e">RF3</subfield>
    <subfield code="f">747314</subfield>
    <subfield code="k">2004-4/17411</subfield>
    <subfield code="o">0</subfield>
    <subfield code="r">BOOK</subfield>
    <subfield code="s">2004417411_</subfield>
  </datafield>
  <datafield tag="995" ind1=" " ind2=" ">
    <subfield code="5">2004-09-09</subfield>
    <subfield code="a">ad</subfield>
    <subfield code="b">NLR01</subfield>
    <subfield code="c">NLR01</subfield>
    <subfield code="e">RF3</subfield>
    <subfield code="f">747315</subfield>
    <subfield code="k">2004-4/17411</subfield>
    <subfield code="o">0</subfield>
    <subfield code="r">BOOK</subfield>
    <subfield code="s">2004417411_</subfield>
  </datafield>
</record>
